00575 2200217 4500001002100000005001700021008004100038035002400079082001100103090002100114100001100135245006900146260004200215300001800257650002300275850001400298980001500312985000600327986000900333999001500342YOGYA-0209000004402720090227030328.0 ind  0010-020900000044027 a353.04 a353.04bJua KlL aJUANDA aKETERANGAN pemerintah mengenai regrouping kabinet kerjacDjuanda aJakartabDepartemen Peneranganc[s.a] a23 hlmc21 cm aKabinet Pemerintah aYOPDYOG B a26-10-2007 a1 aRuni a07A0023886